Un enfoque para hallar soluciones duraderas en función de la edad /
El artículo presenta un enfoque que busca encontrar soluciones sostenibles y adecuadas a la edad para las personas afectadas por crisis y desplazamientos. El estudio pone énfasis en la importancia de considerar las necesidades y capacidades específicas de diferentes grupos de edad, desde niños hasta...
Gorde:
| Egile nagusia: | |
|---|---|
| Beste egile batzuk: | |
| Formatua: | Liburua |
| Gaiak: | |
| Etiketak: |
Etiketa erantsi
Etiketarik gabe, Izan zaitez lehena erregistro honi etiketa jartzen!
|
MARC
| LEADER | 00000nam a22000007a 4500 | ||
|---|---|---|---|
| 003 | cru CIDCACS/IIS | ||
| 005 | 20230823132423.0 | ||
| 007 | ta | ||
| 008 | 180518b2016 sp|||p|r||||||0| ||spa|d | ||
| 040 | |c cru CIDCACS/IIS | ||
| 100 | 1 | |9 7232 |a Mosneaga, Ana | |
| 245 | 1 | |a Un enfoque para hallar soluciones duraderas en función de la edad / |c Ana Mosneaga, Michaella Vanore | |
| 300 | |a páginas 20-22 | ||
| 520 | |a El artículo presenta un enfoque que busca encontrar soluciones sostenibles y adecuadas a la edad para las personas afectadas por crisis y desplazamientos. El estudio pone énfasis en la importancia de considerar las necesidades y capacidades específicas de diferentes grupos de edad, desde niños hasta adultos mayores, con el fin de abordar de manera efectiva los desafíos y garantizar soluciones duraderas. Se destacan los principales obstáculos y desigualdades que enfrentan estos grupos en situaciones de crisis, como la falta de acceso a educación, atención médica, protección y oportunidades económicas. Además, se propone un marco de acción que incluye la participación activa de las personas afectadas, la colaboración entre diferentes actores, la promoción de la inclusión social y el fortalecimiento de las capacidades individuales y comunitarias. El enfoque se basa en principios de derechos humanos y equidad, reconociendo la diversidad y singularidad de cada grupo de edad y promoviendo soluciones que respeten su dignidad y bienestar. RAR 03/2023 | ||
| 650 | 0 | |2 OCDE |9 2520 |a CRISIS | |
| 650 | 0 | |2 OCDE |9 7010 |a DESPLAZAMIENTO | |
| 650 | 0 | |2 UNESCO |9 4889 |a DESARROLLO DE CAPACIDADES | |
| 650 | 0 | |2 OCDE |9 487 |a ACCESO A LA EDUCACION | |
| 650 | 0 | |2 OCDE |9 77 |a DESIGUALDAD SOCIAL | |
| 650 | 0 | |2 OCDE |9 5397 |a ATENCION MEDICA | |
| 650 | 0 | |2 OCDE |9 38 |a DERECHOS HUMANOS | |
| 650 | 0 | |2 OCDE |9 2139 |a EQUIDAD SOCIAL | |
| 700 | 1 | |9 7234 |a Vanore, Michaella | |
| 773 | 0 | |0 19267 |9 2023 |a Centro de Estudios sobre Refugiados |d Universidad de Oxford ; Centro de Estudios sobre Refugiados |o 18300 |t Migraciones Forzadas: |x 14609819 | |
| 942 | |2 ddc |c PP | ||
| 999 | |c 41443 |d 41443 | ||
